| 000 | 00604nam a2200181 4500 | ||
|---|---|---|---|
| 001 | 119973 | ||
| 003 | ES-MaACL | ||
| 005 | 20250729063218.0 | ||
| 007 | t| | ||
| 008 | 070214s1965 sp r ||||1| spa d | ||
| 100 | 1 |
_aPérez Sánchez, Alfonso E., _d1935-2010 _9240883 |
|
| 245 | 1 | 0 |
_aPintura italiana del S. XVII en España / _cAlfonso Pérez Sánchez. |
| 260 |
_aMadrid : _bUniversidad. Fundación Valdecilla, _c1965. |
||
| 300 |
_a619 p., 253 lám. ; _c24 cm. |
||
| 710 | 2 |
_aUniversidad. _bFundación Valdecilla. _97379 |
|
| 852 |
_aES-MaACL _jC-37971 _bR.72980 |
||
| 999 |
_c119973 _d119973 |
||